|
|
|
|
| LEADER |
00000cam a2200000 7i4500 |
| 001 |
0000032562 |
| 005 |
20160330.0 |
| 008 |
120607 |
| 020 |
|
|
|a 9833898282 (Set)
|
| 020 |
|
|
|a 9833898336
|
| 090 |
0 |
0 |
|a SAI
|b MAL
|
| 100 |
0 |
|
|a Sailey Azizah
|
| 245 |
1 |
0 |
|a Kecundang di Kota Besar
|c Sailey Azizah
|
| 260 |
|
|
|a Selangor :
|b Express Edu ,
|c 2008
|
| 440 |
|
|
|a Kisah-kisah juvana
|
| 500 |
|
|
|a Teenager ages 13-18 years old (blue)
|
| 650 |
|
0 |
|a Malay fiction
|
| 999 |
|
|
|a 0001042490
|b Book
|c Teenagers
|e Cawangan Bandar Penawar
|
| 999 |
|
|
|a 0001042491
|b Book
|c Teenagers
|e Cawangan Tangkak
|
| 999 |
|
|
|a 0001135896
|b Book
|c Teenagers
|e Perbadanan Perpustakaan Awam Johor
|
| 999 |
|
|
|a 0001135897
|b Book
|c Teenagers
|e Cawangan Urban Transformation Centre
|
| 999 |
|
|
|a 0001135898
|b Book
|c Teenagers
|e Cawangan Urban Transformation Centre
|
| 999 |
|
|
|a 0001135899
|b Book
|c Teenagers
|e Perbadanan Perpustakaan Awam Johor
|
| 999 |
|
|
|a 0001135900
|b Book
|c Teenagers
|e Perbadanan Perpustakaan Awam Johor
|